| 000 | 01222nam0a2200325 4500 | ||
|---|---|---|---|
| 001 | RU\NLR\bibl\142490 | ||
| 005 | 20260405132526.0 | ||
| 010 |
_a5-8053-0005-2 _940000 |
||
| 021 |
_aRU _b98-44654 _92141 |
||
| 035 | _a(NLR Aleph) 000139588 | ||
| 090 |
_a798687 _c798687 |
||
| 100 | _a20010323d1998 |||y0rusy50 ca | ||
| 101 | 0 | _arus | |
| 102 | _aRU | ||
| 105 | _aa ||||||||| | ||
| 200 | 1 |
_aОсновы безопасности жизнедеятельности _eТетр. с печ. основой. 6 кл. _f[Иванюков М.И.] |
|
| 210 |
_aСаратов _cЛицей _d1998 |
||
| 215 |
_a[1],80 с. _cил. _d20 |
||
| 300 | _aАвт. указан на 2-й с. обл. | ||
| 606 | 0 |
_aБезопасность жизнедеятельности _jРабочие тетради для средней школы _91373082 _3RU\NLR\auth\66261709 |
|
| 686 | _aЖ.н6я721-4 | ||
| 686 | _aЦ69,6(2Р)0я721-4 | ||
| 700 | 1 |
_4070 _8rus _7ca _aИванюков _bМ. И. _gМихаил Иванович _3RU\NLR\auth\7753360 _936292 |
|
| 801 | 0 |
_aRU _bNLR _c20010323 _gPSBO |
|
| 801 | 1 |
_aRU _bNLR _c20010323 |
|
| 830 | _aАвт. по кн. | ||
| 852 |
_aNLR _j2000-4/7606 |
||
| 942 | _cBOOK | ||
| 980 | _aNB | ||